Cheese or Crackers? Quiz Stats

 Plays Quiz Updated Aug 6, 2013

     
Support Sporcle.
Go Orange.
Score 0/20 Timer 01:30
23 Plays Today
% Correct
???
91.1%
???
91%
???
90.5%
???
90.3%
???
89.4%
???
88.8%
???
85.3%
???
79.5%
???
79.1%
???
78.9%
% Correct
???
77.7%
???
73.7%
???
66.2%
???
60.9%
???
52.7%
???
45.4%
???
43.9%
???
42.1%
???
34.7%
???
33.6%

From the Vault

The 3rd Thing You Need to Know: TV Characters

by MrWhiplash

Because the 1st and 2nd things would be too easy.
Remove Ads.
Support Sporcle.
Get the best of Sporcle when you Go Orange. This ad-free experience offers more features, more stats, and more fun while also helping to support Sporcle. Thank you for becoming a member.

Show Comments

Extras

Top Quizzes Today


Score Distribution

Your Account Isn't Verified!

In order to create a playlist on Sporcle, you need to verify the email address you used during registration. Go to your Sporcle Settings to finish the process.

Report this User

Report this user for behavior that violates our Community Guidelines.

Details: